Reseña histórica del ferrocarril entre Santiago y Valparaíso: acompañada del plano de la línea, biografía y retrato del contratista Enrique Meiggs

Kaydedildi:
Detaylı Bibliyografya
Yazar: Rivera Jofré, Ramón (Yazar)
Materyal Türü: Kitap
Dil:İspanyolca
Baskı/Yayın Bilgisi: Santiago, Chile Ferrocarriles del Estado 1963
Edisyon:Segunda edición
Konular:
Etiketler: Etiketle
Etiket eklenmemiş, İlk siz ekleyin!

MARC

LEADER 00000nam a2200000 a 4500
001 UCO2654
003 CL-VaPUC
005 20210604001713.0
008 000608e19630000CL |||||||||||||||||spa|d
999 |c 289156  |d 289154 
040 |c Pontificia Universidad Católica de Valparaíso 
082 0 4 |a 385.0983 RIV 1963  |2 21 
100 0 |a Rivera Jofré, Ramón  |e author  |9 446128 
245 1 0 |a Reseña histórica del ferrocarril entre Santiago y Valparaíso:  |b  acompañada del plano de la línea, biografía y retrato del contratista Enrique Meiggs 
250 |a Segunda edición 
260 |a Santiago, Chile  |b Ferrocarriles del Estado  |c 1963 
300 |a 146 páginas 
583 |a last modification  |c 20000608 00:00:00  |k Rodrigo Vera 
650 0 |a Ferrocarriles  |z CHILE  |z SANTIAGO  |z VALPARAISO  |9 260933 
650 0 |a Historia  |x FERROCARRILES  |z SANTIAGO  |z VALPARAISO  |9 255047 
650 0 |a Transporte Ferroviario  |z CHILE  |z SANTIAGO  |z VALPARAISO  |9 353259 
852 |a BIBCUR 
942 |c BK  |2 ddc 
945 |d 20000608 00:00:00  |a crobeson 
952 |0 0  |1 0  |2 ddc  |4 0  |6 385_098300000000000_RIV_1963  |7 0  |8 X  |9 337363  |a BIBHIS  |b BIBHIS  |d 2019-11-20  |i 1293907  |o 385.0983 RIV 1963  |p 1293907  |r 2024-01-30  |t 1  |w 2019-11-20  |y BK_X  |k HIS